Πλαίσιο της πληροφορικής : θεωρία και εφαρμογές
Αποθηκεύτηκε σε:
| Κύριος συγγραφέας: | |
|---|---|
| Μορφή: | Βιβλίο |
| Γλώσσα: | Greek |
| Δημοσίευση: |
Θεσσαλονίκη :
Αυτοέκδοση,
2013.
|
| Θέματα: | |
| Ετικέτες: |
Προσθήκη ετικέτας
Δεν υπάρχουν, Καταχωρήστε ετικέτα πρώτοι!
|
MARC
| LEADER | 00000nam a2200000 a 4500 | ||
|---|---|---|---|
| 001 | 1/116634 | ||
| 008 | 180524s2013####gr | ||| |||| ||gre|| | ||
| 020 | |a 9789609356626 | ||
| 040 | |a GR-MyUa |b gre |c GR-MyUa |e AACR2 | ||
| 041 | 0 | |a gre | |
| 082 | 7 | |a 004 |2 (23) | |
| 100 | 1 | |a Μυρίδης, Νικόλαος Ε. | |
| 245 | 1 | 0 | |a Πλαίσιο της πληροφορικής : |b θεωρία και εφαρμογές / |c Νικολάου Ε. Μυρίδη. |
| 260 | |a Θεσσαλονίκη : |b Αυτοέκδοση, |c 2013. | ||
| 300 | |a 232 σ. : |b πίν., σχήμ. ; |c 24 εκ. | ||
| 500 | |a Περιέχει υποσημειώσεις. | ||
| 504 | |a Βιβλιογραφία: σ. [231]-232. | ||
| 504 | |a Περιλαμβάνει βιβλιογραφικές παραπομπές. | ||
| 650 | 0 | |a Computer science. | |
| 650 | 0 | |a Windows (Computer programs) | |
| 650 | 0 | |a Computers |x Study and teaching. | |
| 852 | |a INST |b RHODES |c EUDOXUS |e 20180524 |h 004 ΜΥΡ |p 005400040085 |q 005400040085 |t EDX |y 0 | ||
| 920 | |a Εύδοξος |b Παραγγελία |y Ρόδος-ΠΤΔΕ |z 2018-04 | ||
| 970 | |z 24-05-2018 | ||